駅名に「勝」を含む駅 - Statistics

General Stats
  • This quiz has been taken 165 times
  • The average score is 10 of 23
Answer Stats
Hint Answer % Correct
勝浦市 勝浦
93%
ひたちなか市 勝田
91%
勝山市 勝山
84%
中央区 勝どき
72%
八千代市 勝田台
68%
八千代市 東葉勝田台
68%
那智勝浦町 紀伊勝浦
68%
春日井市 勝川
65%
甲州市 勝沼ぶどう郷
47%
大野市 勝原
39%
清水町 十勝清水
37%
姫路市 はりま勝原
36%
真庭市 中国勝山
36%
鋸南町 安房勝山
28%
周南市 勝間
27%
勝央町 勝間田
26%
小竹町 勝野
25%
藍住町 勝瑞
24%
村上市 勝木
23%
球磨村 一勝地
23%
勝央町 西勝間田
22%
愛西市 勝幡
17%
松山市 勝山町
7%
No matching quizzes found
Score Distribution
Percent of People with Each Score
Percentile by Number Answered
Your Score History
You have not taken this quiz